Analýza elasticít pomocou takmer ideálneho dopytového systému
Príspevok oboznamuje so základnými vzťahmi dopytového modelu AIDS a aplikuje tento model na podmienky ekonomiky SR, za účelom odhadnutia výdavkových a cenových elasticít. Popisuje základné princípy modelu AIDS a jeho kľúčové vzťahy. Chakteristika údajov použitých v modeli a výber výdavkových skupín,...
Salvato in:
| Autore principale: | |
|---|---|
| Natura: | Capitolo di libro |
| Lingua: | slovacco |
| Soggetti: | |
| Tags: |
Nessun Tag, puoi essere il primo ad aggiungerne!!
|
MARC
| LEADER | 00000nla a2200000 4500 | ||
|---|---|---|---|
| 001 | 0209721 | ||
| 005 | 20240502073504.3 | ||
| 041 | 0 | |a slo | |
| 044 | |a SK | ||
| 245 | 1 | 0 | |a Analýza elasticít pomocou takmer ideálneho dopytového systému |c Brian König |
| 520 | |a Príspevok oboznamuje so základnými vzťahmi dopytového modelu AIDS a aplikuje tento model na podmienky ekonomiky SR, za účelom odhadnutia výdavkových a cenových elasticít. Popisuje základné princípy modelu AIDS a jeho kľúčové vzťahy. Chakteristika údajov použitých v modeli a výber výdavkových skupín, ktoré boli použité pri odhade modelu. Výsledky odhadov jednotlivých elasticít. | ||
| 610 | 2 | 0 | |a dopyt |
| 610 | 2 | 0 | |a dopyt spotrebiteľský |
| 610 | 2 | 0 | |a modely dopytu |
| 610 | 2 | 0 | |a pružnosť cenová |
| 610 | 2 | 0 | |a pružnosť dopytu |
| 610 | 2 | 0 | |a Slovensko |
| 100 | 1 | |a König, Brian, 1983- | |